[Event "DVM U20 2021"]
[Site "Kiel GER"]
[Date "2022.07.25"]
[Round "6"]
[White "Limpert, Tillmann"]
[Black "Kürschner, Liam"]
[Result "1/2-1/2"]
[Termination "normal"]
[Board "7.4"]
[WhiteElo "1652"]
[BlackElo "1891"]
[WhiteClock "00:43:00"]
[BlackClock "00:10:18"]
[WhiteTeam "Biebertaler Schachfreunde"]
[BlackTeam "SK Langen"]
[PlyCount "108"]
[WhiteFideId "16213254"]
[BlackFideId "34609962"]
[EventCountry "GER"]
[EventRounds "7"]
[EventType "team-swiss"]
[EventDate "2022.07.22"]

1. e4 {[%clk 01:30:57]} {[%emt 00:00:01]} c5 {[%clk 01:30:56]} {[%emt
00:00:05]} 2. Nc3 {[%clk 01:31:19]} {[%emt 00:00:08]} g6 {[%clk 01:31:20]}
{[%emt 00:00:06]} 3. g3 {[%clk 01:31:44]} {[%emt 00:00:05]} Bg7 {[%clk
01:31:42]} {[%emt 00:00:08]} 4. Bg2 {[%clk 01:31:54]} {[%emt 00:00:20]} Nc6
{[%clk 01:32:04]} {[%emt 00:00:08]} 5. d3 {[%clk 01:31:25]} {[%emt 00:01:00]}
a6 {[%clk 01:31:06]} {[%emt 00:01:28]} 6. Be3 {[%clk 01:30:02]} {[%emt
00:01:53]} b6 {[%clk 01:29:03]} {[%emt 00:02:32]} 7. f4 {[%clk 01:29:09]}
{[%emt 00:01:23]} e6 {[%clk 01:27:42]} {[%emt 00:01:52]} 8. Nge2 {[%clk
01:28:02]} {[%emt 00:01:36]} Nge7 {[%clk 01:26:36]} {[%emt 00:01:36]} 9. d4
{[%clk 01:26:53]} {[%emt 00:01:38]} cxd4 {[%clk 01:24:17]} {[%emt 00:02:50]}
10. Nxd4 {[%clk 01:27:03]} {[%emt 00:00:21]} d6 {[%clk 01:16:12]} {[%emt
00:08:34]} 11. O-O {[%clk 01:25:56]} {[%emt 00:01:37]} Bb7 {[%clk 01:16:17]}
{[%emt 00:00:25]} 12. Qd2 {[%clk 01:17:23]} {[%emt 00:08:59]} O-O {[%clk
01:12:22]} {[%emt 00:04:29]} 13. Nce2 {[%clk 01:14:43]} {[%emt 00:03:09]} Qc7
{[%clk 01:10:16]} {[%emt 00:02:37]} 14. c3 {[%clk 01:12:48]} {[%emt 00:02:25]}
Rac8 {[%clk 01:08:14]} {[%emt 00:02:32]} 15. g4 {[%clk 01:10:05]} {[%emt
00:03:13]} Na5 {[%clk 00:53:16]} {[%emt 00:15:28]} 16. Qe1 {[%clk 01:02:00]}
{[%emt 00:08:34]} Nc4 {[%clk 00:49:44]} {[%emt 00:04:02]} 17. Bc1 {[%clk
01:01:21]} {[%emt 00:01:09]} e5 {[%clk 00:43:00]} {[%emt 00:07:14]} 18. Nc2
{[%clk 00:58:52]} {[%emt 00:02:58]} d5 {[%clk 00:36:00]} {[%emt 00:07:32]} 19.
f5 {[%clk 00:49:03]} {[%emt 00:10:19]} f6 {[%clk 00:29:43]} {[%emt 00:06:47]}
20. Ng3 {[%clk 00:45:42]} {[%emt 00:03:51]} g5 {[%clk 00:25:24]} {[%emt
00:04:49]} 21. Ne3 {[%clk 00:41:28]} {[%emt 00:04:44]} h6 {[%clk 00:22:55]}
{[%emt 00:02:59]} 22. Nxd5 {[%clk 00:40:05]} {[%emt 00:01:53]} Nxd5 {[%clk
00:22:57]} {[%emt 00:00:27]} 23. exd5 {[%clk 00:40:22]} {[%emt 00:00:13]} Rfd8
{[%clk 00:18:10]} {[%emt 00:05:16]} 24. b3 {[%clk 00:39:56]} {[%emt 00:00:57]}
Na5 {[%clk 00:18:03]} {[%emt 00:00:38]} 25. c4 {[%clk 00:39:34]} {[%emt
00:00:52]} b5 {[%clk 00:17:58]} {[%emt 00:00:34]} 26. Bd2 {[%clk 00:39:07]}
{[%emt 00:00:56]} Nxc4 {[%clk 00:17:43]} {[%emt 00:00:46]} 27. bxc4 {[%clk
00:39:18]} {[%emt 00:00:19]} bxc4 {[%clk 00:17:57]} {[%emt 00:00:17]} 28. Rf2
{[%clk 00:36:51]} {[%emt 00:02:56]} Rd7 {[%clk 00:16:28]} {[%emt 00:01:59]} 29.
Ba5 {[%clk 00:35:08]} {[%emt 00:02:13]} Qc5 {[%clk 00:15:44]} {[%emt 00:01:15]}
30. Bb4 {[%clk 00:34:42]} {[%emt 00:00:56]} Qd4 {[%clk 00:15:45]} {[%emt
00:00:28]} 31. Ne4 {[%clk 00:27:30]} {[%emt 00:07:40]} Qb6 {[%clk 00:11:39]}
{[%emt 00:04:38]} 32. Ba5 {[%clk 00:25:46]} {[%emt 00:02:14]} Qa7 {[%clk
00:10:28]} {[%emt 00:01:41]} 33. Rd1 {[%clk 00:25:31]} {[%emt 00:00:44]} Kf7
{[%clk 00:06:50]} {[%emt 00:04:09]} 34. Kh1 {[%clk 00:23:37]} {[%emt 00:02:20]}
Bf8 {[%clk 00:06:56]} {[%emt 00:00:29]} 35. Bb4 {[%clk 00:23:00]} {[%emt
00:01:05]} Bxb4 {[%clk 00:05:47]} {[%emt 00:01:40]} 36. Qxb4 {[%clk 00:23:16]}
{[%emt 00:00:14]} c3 {[%clk 00:05:58]} {[%emt 00:00:20]} 37. Rc2 {[%clk
00:22:21]} {[%emt 00:01:25]} Kg7 {[%clk 00:01:36]} {[%emt 00:04:52]} 38. Nc5
{[%clk 00:20:40]} {[%emt 00:02:05]} Qxc5 {[%clk 00:01:41]} {[%emt 00:00:31]}
39. Qb3 {[%clk 00:15:37]} {[%emt 00:05:30]} Qc4 {[%clk 00:01:51]} {[%emt
00:00:22]} 40. h3 {[%clk 00:15:13]} {[%emt 00:00:54]} Qxb3 {[%clk 00:01:01]}
{[%emt 00:01:20]} 41. axb3 {[%clk 00:15:36]} {[%emt 00:00:07]} Rc5 {[%clk
00:00:32]} {[%emt 00:00:59]} 42. Rd3 {[%clk 00:13:52]} {[%emt 00:02:11]} Bxd5
{[%clk 00:22:52]} {[%emt 00:08:13]} 43. Bxd5 {[%clk 00:43:23]} {[%emt
00:01:00]} Rdxd5 {[%clk 00:23:02]} {[%emt 00:00:19]} 44. Rxd5 {[%clk 00:42:56]}
{[%emt 00:00:57]} Rxd5 {[%clk 00:23:25]} {[%emt 00:00:07]} 45. Rxc3 {[%clk
00:43:24]} {[%emt 00:00:03]} Kf7 {[%clk 00:21:57]} {[%emt 00:01:57]} 46. Rc7+
{[%clk 00:43:12]} {[%emt 00:00:42]} Kf8 {[%clk 00:22:13]} {[%emt 00:00:13]} 47.
Rc6 {[%clk 00:43:29]} {[%emt 00:00:14]} Ke7 {[%clk 00:22:07]} {[%emt 00:00:36]}
48. Re6+ {[%clk 00:43:17]} {[%emt 00:00:42]} Kf7 {[%clk 00:20:54]} {[%emt
00:01:44]} 49. Rxa6 {[%clk 00:42:53]} {[%emt 00:00:53]} Rb5 {[%clk 00:20:29]}
{[%emt 00:00:54]} 50. Kg2 {[%clk 00:42:08]} {[%emt 00:01:17]} Rxb3 {[%clk
00:19:53]} {[%emt 00:01:05]} 51. Ra7+ {[%clk 00:42:31]} {[%emt 00:00:08]} Ke8
{[%clk 00:19:43]} {[%emt 00:00:38]} 52. Ra6 {[%clk 00:42:56]} {[%emt 00:00:06]}
Ke7 {[%clk 00:19:37]} {[%emt 00:00:36]} 53. Ra7+ {[%clk 00:43:15]} {[%emt
00:00:11]} Kd6 {[%clk 00:19:09]} {[%emt 00:00:59]} 54. Ra6+ {[%clk 00:43:00]}
{[%emt 00:00:44]} Ke7 {[%clk 00:10:18]} {[%emt 00:09:21]} 1/2-1/2

[Event "DVM U20 2021"]
[Site "Kiel GER"]
[Date "2022.07.25"]
[Round "6"]
[White "Koholka, Jan"]
[Black "Koleber, Ksenia Alexandra"]
[Result "1-0"]
[Termination "normal"]
[Board "7.5"]
[WhiteElo "1602"]
[BlackElo "1381"]
[WhiteClock "00:03:51"]
[BlackClock "00:00:49"]
[WhiteTeam "SK Langen"]
[BlackTeam "Biebertaler Schachfreunde"]
[PlyCount "81"]
[WhiteFideId "34611584"]
[BlackFideId "16271130"]
[EventCountry "GER"]
[EventRounds "7"]
[EventType "team-swiss"]
[EventDate "2022.07.22"]

1. e4 {[%clk 01:30:56]} {[%emt 00:00:04]} e5 {[%clk 01:30:54]} {[%emt
00:00:07]} 2. Nf3 {[%clk 01:31:12]} {[%emt 00:00:13]} Nc6 {[%clk 01:31:19]}
{[%emt 00:00:05]} 3. Bc4 {[%clk 01:30:59]} {[%emt 00:00:43]} Nf6 {[%clk
01:31:42]} {[%emt 00:00:07]} 4. Nc3 {[%clk 01:29:48]} {[%emt 00:01:41]} Bc5
{[%clk 01:31:40]} {[%emt 00:00:33]} 5. a3 {[%clk 01:28:57]} {[%emt 00:01:21]}
a6 {[%clk 01:30:56]} {[%emt 00:01:13]} 6. d3 {[%clk 01:27:57]} {[%emt
00:01:31]} d6 {[%clk 01:29:18]} {[%emt 00:02:08]} 7. Bg5 {[%clk 01:25:36]}
{[%emt 00:02:51]} h6 {[%clk 01:29:19]} {[%emt 00:00:28]} 8. Be3 {[%clk
01:21:30]} {[%emt 00:04:36]} Bxe3 {[%clk 01:24:43]} {[%emt 00:05:06]} 9. fxe3
{[%clk 01:21:43]} {[%emt 00:00:17]} Qe7 {[%clk 01:14:55]} {[%emt 00:10:18]} 10.
Qd2 {[%clk 01:18:51]} {[%emt 00:03:23]} Bd7 {[%clk 01:14:28]} {[%emt 00:00:57]}
11. O-O {[%clk 01:16:03]} {[%emt 00:03:17]} O-O {[%clk 01:13:10]} {[%emt
00:01:48]} 12. Rae1 {[%clk 01:09:43]} {[%emt 00:06:50]} Bg4 {[%clk 01:10:43]}
{[%emt 00:02:57]} 13. Qf2 {[%clk 01:07:01]} {[%emt 00:03:12]} Rad8 {[%clk
01:09:48]} {[%emt 00:01:25]} 14. Nh4 {[%clk 01:04:14]} {[%emt 00:03:17]} Be6
{[%clk 01:08:31]} {[%emt 00:01:47]} 15. Nf5 {[%clk 00:54:51]} {[%emt 00:09:53]}
Bxf5 {[%clk 01:05:26]} {[%emt 00:03:35]} 16. Qxf5 {[%clk 00:54:53]} {[%emt
00:00:29]} Qd7 {[%clk 01:02:29]} {[%emt 00:03:26]} 17. Qf3 {[%clk 00:49:55]}
{[%emt 00:05:27]} Ne7 {[%clk 00:59:10]} {[%emt 00:03:50]} 18. Qg3 {[%clk
00:45:36]} {[%emt 00:04:49]} Kh8 {[%clk 00:58:06]} {[%emt 00:01:34]} 19. Rf2
{[%clk 00:43:22]} {[%emt 00:02:44]} c6 {[%clk 00:48:43]} {[%emt 00:09:53]} 20.
Bb3 {[%clk 00:40:35]} {[%emt 00:03:17]} Ng6 {[%clk 00:47:31]} {[%emt 00:01:42]}
21. Ref1 {[%clk 00:34:50]} {[%emt 00:06:15]} Qc7 {[%clk 00:45:34]} {[%emt
00:02:27]} 22. Qh3 {[%clk 00:33:12]} {[%emt 00:02:07]} Qd7 {[%clk 00:41:46]}
{[%emt 00:04:19]} 23. Qg3 {[%clk 00:31:35]} {[%emt 00:02:08]} Kh7 {[%clk
00:39:17]} {[%emt 00:02:58]} 24. Rf5 {[%clk 00:26:19]} {[%emt 00:05:46]} Ne7
{[%clk 00:38:45]} {[%emt 00:01:03]} 25. R5f3 {[%clk 00:26:05]} {[%emt
00:00:42]} b5 {[%clk 00:33:04]} {[%emt 00:06:12]} 26. Ne2 {[%clk 00:24:44]}
{[%emt 00:01:51]} Qb7 {[%clk 00:30:32]} {[%emt 00:03:02]} 27. Qe1 {[%clk
00:24:20]} {[%emt 00:00:54]} Qb6 {[%clk 00:28:02]} {[%emt 00:03:01]} 28. Ng3
{[%clk 00:23:04]} {[%emt 00:01:44]} Rd7 {[%clk 00:21:44]} {[%emt 00:06:48]} 29.
Nf5 {[%clk 00:20:49]} {[%emt 00:02:46]} Nxf5 {[%clk 00:16:55]} {[%emt
00:05:19]} 30. Rxf5 {[%clk 00:20:16]} {[%emt 00:01:03]} Re7 {[%clk 00:12:57]}
{[%emt 00:04:27]} 31. Qg3 {[%clk 00:15:33]} {[%emt 00:05:13]} a5 {[%clk
00:11:13]} {[%emt 00:02:14]} 32. Kh1 {[%clk 00:13:50]} {[%emt 00:02:13]} a4
{[%clk 00:10:48]} {[%emt 00:00:56]} 33. Ba2 {[%clk 00:13:57]} {[%emt 00:00:23]}
Qa7 {[%clk 00:07:01]} {[%emt 00:04:18]} 34. Qh3 {[%clk 00:12:18]} {[%emt
00:02:08]} Rg8 {[%clk 00:04:39]} {[%emt 00:02:51]} 35. R1f3 {[%clk 00:10:46]}
{[%emt 00:02:02]} Qd7 {[%clk 00:02:47]} {[%emt 00:02:23]} 36. Qh4 {[%clk
00:09:38]} {[%emt 00:01:38]} d5 {[%clk 00:01:40]} {[%emt 00:01:36]} 37. exd5
{[%clk 00:08:50]} {[%emt 00:01:19]} cxd5 {[%emt 00:01:11]} 38. Rf1 {[%clk
00:07:41]} {[%emt 00:01:37]} Qd6 {[%clk 00:01:22]} {[%emt 00:00:09]} 39. Rxf6
{[%clk 00:05:04]} {[%emt 00:03:06]} Qc7 {[%clk 00:00:42]} {[%emt 00:01:11]} 40.
R6f2 {[%clk 00:04:52]} {[%emt 00:00:42]} Qd7 {[%clk 00:00:49]} {[%emt
00:00:23]} 41. e4 {[%clk 00:03:51]} {[%emt 00:01:31]} 1-0

[Event "DVM U20 2021"]
[Site "Kiel GER"]
[Date "2022.07.25"]
[Round "6"]
[White "Peschel, Jan"]
[Black "Riegel, Simon"]
[Result "0-1"]
[Termination "normal"]
[Board "7.6"]
[WhiteElo "1559"]
[BlackElo "1285"]
[WhiteClock "00:04:56"]
[BlackClock "00:35:03"]
[WhiteTeam "Biebertaler Schachfreunde"]
[BlackTeam "SK Langen"]
[PlyCount "80"]
[WhiteFideId "16271629"]
[BlackFideId "34628410"]
[EventCountry "GER"]
[EventRounds "7"]
[EventType "team-swiss"]
[EventDate "2022.07.22"]

1. e4 {[%clk 01:30:56]} {[%emt 00:00:04]} c6 {[%clk 01:30:13]} {[%emt
00:00:47]} 2. Nf3 {[%clk 01:28:03]} {[%emt 00:03:24]} d5 {[%clk 01:29:14]}
{[%emt 00:01:29]} 3. exd5 {[%clk 01:28:10]} {[%emt 00:00:23]} cxd5 {[%clk
01:29:27]} {[%emt 00:00:17]} 4. d4 {[%clk 01:27:58]} {[%emt 00:00:41]} Nf6
{[%clk 01:29:16]} {[%emt 00:00:41]} 5. Nc3 {[%clk 01:26:00]} {[%emt 00:02:29]}
a6 {[%clk 01:29:01]} {[%emt 00:00:44]} 6. Bf4 {[%clk 01:21:27]} {[%emt
00:05:03]} Nc6 {[%clk 01:29:11]} {[%emt 00:00:20]} 7. a3 {[%clk 01:12:04]}
{[%emt 00:09:53]} Bg4 {[%clk 01:29:15]} {[%emt 00:00:26]} 8. Be2 {[%clk
01:11:18]} {[%emt 00:01:17]} e6 {[%clk 01:29:25]} {[%emt 00:00:21]} 9. h3
{[%clk 01:11:21]} {[%emt 00:00:26]} Bxf3 {[%clk 01:28:01]} {[%emt 00:01:54]}
10. Bxf3 {[%clk 01:11:14]} {[%emt 00:00:37]} Bd6 {[%clk 01:28:02]} {[%emt
00:00:29]} 11. Bg5 {[%clk 01:05:01]} {[%emt 00:06:43]} h6 {[%clk 01:27:38]}
{[%emt 00:00:53]} 12. Bh4 {[%clk 01:05:25]} {[%emt 00:00:06]} O-O {[%clk
01:23:38]} {[%emt 00:04:30]} 13. O-O {[%clk 01:05:27]} {[%emt 00:00:29]} Be7
{[%clk 01:23:25]} {[%emt 00:00:42]} 14. a4 {[%clk 00:58:46]} {[%emt 00:07:11]}
Ne8 {[%clk 01:21:30]} {[%emt 00:02:25]} 15. Bxe7 {[%clk 00:56:48]} {[%emt
00:02:29]} Qxe7 {[%clk 01:21:43]} {[%emt 00:00:15]} 16. Na2 {[%clk 00:52:28]}
{[%emt 00:04:51]} Nd6 {[%clk 01:21:46]} {[%emt 00:00:26]} 17. Be2 {[%clk
00:48:56]} {[%emt 00:04:04]} Nf5 {[%clk 01:14:01]} {[%emt 00:08:15]} 18. c3
{[%clk 00:48:51]} {[%emt 00:00:34]} a5 {[%clk 01:10:49]} {[%emt 00:03:43]} 19.
Bd3 {[%clk 00:39:55]} {[%emt 00:09:26]} Nd6 {[%clk 01:07:47]} {[%emt 00:03:32]}
20. Re1 {[%clk 00:36:46]} {[%emt 00:03:39]} Qd7 {[%clk 01:03:14]} {[%emt
00:05:02]} 21. Nc1 {[%clk 00:32:06]} {[%emt 00:05:10]} Kh8 {[%clk 01:01:02]}
{[%emt 00:02:43]} 22. Ne2 {[%clk 00:24:48]} {[%emt 00:07:47]} g5 {[%clk
01:00:35]} {[%emt 00:00:57]} 23. Bc2 {[%clk 00:23:44]} {[%emt 00:01:34]} f5
{[%clk 00:59:49]} {[%emt 00:01:17]} 24. f4 {[%clk 00:16:49]} {[%emt 00:07:25]}
Rg8 {[%clk 00:51:01]} {[%emt 00:09:17]} 25. b3 {[%clk 00:14:07]} {[%emt
00:03:12]} Rae8 {[%clk 00:50:40]} {[%emt 00:00:51]} 26. Qd2 {[%clk 00:12:15]}
{[%emt 00:02:22]} Qe7 {[%clk 00:50:44]} {[%emt 00:00:26]} 27. g3 {[%clk
00:12:11]} {[%emt 00:00:35]} Qf6 {[%clk 00:47:20]} {[%emt 00:03:53]} 28. Kh2
{[%clk 00:09:56]} {[%emt 00:02:46]} Ne7 {[%clk 00:45:59]} {[%emt 00:01:51]} 29.
c4 {[%clk 00:08:00]} {[%emt 00:02:26]} dxc4 {[%clk 00:45:16]} {[%emt 00:01:12]}
30. Qxa5 {[%clk 00:08:18]} {[%emt 00:00:12]} gxf4 {[%clk 00:45:27]} {[%emt
00:00:18]} 31. gxf4 {[%clk 00:08:29]} {[%emt 00:00:21]} Nd5 {[%clk 00:42:07]}
{[%emt 00:03:49]} 32. Rg1 {[%clk 00:07:49]} {[%emt 00:01:11]} Qh4 {[%clk
00:37:44]} {[%emt 00:04:53]} 33. bxc4 {[%clk 00:07:12]} {[%emt 00:01:07]} Qf2+
{[%clk 00:37:03]} {[%emt 00:01:10]} 34. Kh1 {[%clk 00:07:31]} {[%emt 00:00:13]}
Nxc4 {[%clk 00:36:49]} {[%emt 00:00:43]} 35. Qe1 {[%clk 00:07:08]} {[%emt
00:00:53]} Qf3+ {[%clk 00:37:11]} {[%emt 00:00:07]} 36. Kh2 {[%clk 00:07:14]}
{[%emt 00:00:24]} Nce3 {[%clk 00:35:32]} {[%emt 00:02:08]} 37. Rg3 {[%clk
00:06:15]} {[%emt 00:01:30]} Rxg3 {[%clk 00:35:46]} {[%emt 00:00:17]} 38. Qxg3
{[%clk 00:05:43]} {[%emt 00:01:01]} Qxe2+ {[%clk 00:35:49]} {[%emt 00:00:27]}
39. Kh1 {[%clk 00:05:56]} {[%emt 00:00:16]} Rg8 {[%clk 00:35:42]} {[%emt
00:00:38]} 40. Re1 {[%clk 00:04:56]} {[%emt 00:01:30]} Qxc2 {[%clk 00:35:03]}
{[%emt 00:01:09]} 0-1

[Event "DVM U20 2021"]
[Site "Kiel GER"]
[Date "2022.07.26"]
[Round "7"]
[White "Wübker, Paul-Luca"]
[Black "Elier, Ali"]
[Result "1/2-1/2"]
[Termination "normal"]
[Board "1.1"]
[WhiteElo "2157"]
[BlackElo "2144"]
[WhiteClock "00:04:41"]
[BlackClock "00:37:17"]
[WhiteTeam "Schachgesellschaft Bochum 1931"]
[BlackTeam "Schachfreunde Brackel 1930 e. V."]
[PlyCount "135"]
[WhiteFideId "12939528"]
[BlackFideId "16217543"]
[EventCountry "GER"]
[EventRounds "7"]
[EventType "team-swiss"]
[EventDate "2022.07.22"]

1. d4 {[%clk 01:30:57]} {[%emt 00:00:03]} g6 {[%clk 01:30:55]} {[%emt
00:00:06]} 2. c4 {[%clk 01:31:17]} {[%emt 00:00:10]} Bg7 {[%clk 01:31:20]}
{[%emt 00:00:04]} 3. e4 {[%clk 01:31:09]} {[%emt 00:00:37]} d6 {[%clk
01:31:35]} {[%emt 00:00:16]} 4. Nc3 {[%clk 01:31:18]} {[%emt 00:00:21]} f5
{[%clk 01:29:22]} {[%emt 00:02:43]} 5. exf5 {[%clk 01:22:29]} {[%emt 00:09:20]}
Bxf5 {[%clk 01:28:30]} {[%emt 00:01:22]} 6. h3 {[%clk 01:17:56]} {[%emt
00:05:03]} Nh6 {[%clk 01:16:02]} {[%emt 00:12:58]} 7. Nf3 {[%clk 01:06:15]}
{[%emt 00:12:11]} O-O {[%clk 01:15:39]} {[%emt 00:00:53]} 8. Be2 {[%clk
01:06:17]} {[%emt 00:00:28]} Nf7 {[%clk 01:03:40]} {[%emt 00:12:29]} 9. O-O
{[%clk 01:03:09]} {[%emt 00:03:37]} Bd7 {[%clk 00:51:59]} {[%emt 00:12:11]} 10.
c5 {[%clk 00:59:53]} {[%emt 00:03:48]} e5 {[%clk 00:37:14]} {[%emt 00:15:14]}
11. dxe5 {[%clk 00:57:27]} {[%emt 00:02:55]} dxe5 {[%clk 00:34:21]} {[%emt
00:03:24]} 12. Bc4 {[%clk 00:57:42]} {[%emt 00:00:15]} h6 {[%clk 00:30:31]}
{[%emt 00:04:20]} 13. Bxh6 {[%clk 00:45:50]} {[%emt 00:12:21]} Bxh6 {[%clk
00:29:10]} {[%emt 00:01:52]} 14. Nxe5 {[%clk 00:46:12]} {[%emt 00:00:07]} Kg7
{[%clk 00:29:17]} {[%emt 00:00:23]} 15. Bxf7 {[%clk 00:45:46]} {[%emt
00:00:56]} Rxf7 {[%clk 00:28:02]} {[%emt 00:01:46]} 16. Qd4 {[%clk 00:45:59]}
{[%emt 00:00:17]} Qf6 {[%clk 00:26:03]} {[%emt 00:02:29]} 17. Ne4 {[%clk
00:45:42]} {[%emt 00:00:46]} Nc6 {[%clk 00:26:05]} {[%emt 00:00:28]} 18. Nxf6
{[%clk 00:43:43]} {[%emt 00:02:30]} Nxd4 {[%clk 00:26:24]} {[%emt 00:00:10]}
19. Nxf7 {[%clk 00:44:08]} {[%emt 00:00:06]} Ne2+ {[%clk 00:25:18]} {[%emt
00:01:35]} 20. Kh1 {[%clk 00:44:27]} {[%emt 00:00:11]} Kxf6 {[%clk 00:25:28]}
{[%emt 00:00:20]} 21. Nxh6 {[%clk 00:44:34]} {[%emt 00:00:23]} Rh8 {[%clk
00:25:50]} {[%emt 00:00:09]} 22. Rfe1 {[%clk 00:43:27]} {[%emt 00:01:36]} Nf4
{[%clk 00:24:19]} {[%emt 00:02:01]} 23. Rad1 {[%clk 00:43:50]} {[%emt
00:00:07]} Bc8 {[%clk 00:23:25]} {[%emt 00:01:24]} 24. Rd4 {[%clk 00:16:42]}
{[%emt 00:27:39]} g5 {[%clk 00:23:26]} {[%emt 00:00:29]} 25. g3 {[%clk
00:16:29]} {[%emt 00:00:44]} Nxh3 {[%clk 00:23:18]} {[%emt 00:00:37]} 26. Kg2
{[%clk 00:16:35]} {[%emt 00:00:23]} Rxh6 {[%clk 00:23:33]} {[%emt 00:00:16]}
27. f3 {[%clk 00:12:13]} {[%emt 00:04:53]} g4 {[%clk 00:20:51]} {[%emt
00:03:12]} 28. f4 {[%clk 00:12:08]} {[%emt 00:00:34]} Be6 {[%clk 00:19:12]}
{[%emt 00:02:09]} 29. a4 {[%clk 00:10:04]} {[%emt 00:02:34]} Rh8 {[%clk
00:17:49]} {[%emt 00:01:53]} 30. b4 {[%clk 00:10:20]} {[%emt 00:00:14]} Re8
{[%clk 00:17:59]} {[%emt 00:00:21]} 31. Re5 {[%clk 00:10:43]} {[%emt 00:00:06]}
Rh8 {[%clk 00:17:27]} {[%emt 00:01:02]} 32. b5 {[%clk 00:10:56]} {[%emt
00:00:18]} Bf5 {[%clk 00:15:38]} {[%emt 00:02:18]} 33. b6 {[%clk 00:08:15]}
{[%emt 00:03:12]} Ng5 {[%clk 00:13:43]} {[%emt 00:02:24]} 34. bxc7 {[%clk
00:04:50]} {[%emt 00:03:55]} Nf7 {[%clk 00:09:54]} {[%emt 00:04:19]} 35. Rd6+
{[%clk 00:03:59]} {[%emt 00:01:22]} Nxd6 {[%clk 00:10:12]} {[%emt 00:00:12]}
36. cxd6 {[%clk 00:04:24]} {[%emt 00:00:04]} Be6 {[%clk 00:10:16]} {[%emt
00:00:26]} 37. a5 {[%clk 00:03:56]} {[%emt 00:00:58]} Kf7 {[%clk 00:02:19]}
{[%emt 00:08:27]} 38. Kg1 {[%clk 00:02:41]} {[%emt 00:01:45]} Kf6 {[%clk
00:01:13]} {[%emt 00:01:36]} 39. Rc5 {[%clk 00:01:41]} {[%emt 00:01:30]} Bd7
{[%clk 00:01:11]} {[%emt 00:00:32]} 40. Re5 {[%clk 00:02:06]} {[%emt 00:00:05]}
Be6 {[%clk 00:01:11]} {[%emt 00:05:25]} 41. Kg2 {[%clk 00:15:06]} {[%emt
00:19:30]} Kf7 {[%clk 00:31:05]} {[%emt 00:00:35]} 42. Kf2 {[%clk 00:09:15]}
{[%emt 00:06:21]} Re8 {[%clk 00:31:03]} {[%emt 00:00:32]} 43. Rh5 {[%clk
00:03:40]} {[%emt 00:06:05]} Bd7 {[%clk 00:29:51]} {[%emt 00:01:42]} 44. Rh6
{[%clk 00:02:21]} {[%emt 00:01:48]} b5 {[%clk 00:30:16]} {[%emt 00:00:05]} 45.
axb6 {[%clk 00:02:09]} {[%emt 00:00:43]} axb6 {[%clk 00:30:42]} {[%emt
00:00:04]} 46. f5 {[%clk 00:01:55]} {[%emt 00:00:43]} Kg7 {[%clk 00:30:15]}
{[%emt 00:00:57]} 47. Rg6+ {[%clk 00:02:16]} {[%emt 00:00:10]} Kf7 {[%clk
00:30:32]} {[%emt 00:00:12]} 48. Rxg4 {[%clk 00:02:31]} {[%emt 00:00:15]} Bxf5
{[%clk 00:30:55]} {[%emt 00:00:08]} 49. Rf4 {[%clk 00:02:50]} {[%emt 00:00:11]}
Ke6 {[%clk 00:31:21]} {[%emt 00:00:03]} 50. Rxf5 {[%clk 00:03:03]} {[%emt
00:00:17]} Kxd6 {[%clk 00:31:48]} {[%emt 00:00:04]} 51. g4 {[%clk 00:02:45]}
{[%emt 00:00:48]} Kxc7 {[%clk 00:32:13]} {[%emt 00:00:05]} 52. g5 {[%clk
00:03:06]} {[%emt 00:00:09]} Kd6 {[%clk 00:32:05]} {[%emt 00:00:38]} 53. Kf3
{[%clk 00:02:35]} {[%emt 00:01:02]} Ke7 {[%clk 00:32:14]} {[%emt 00:00:20]} 54.
Kg4 {[%clk 00:02:39]} {[%emt 00:00:26]} Rf8 {[%clk 00:32:35]} {[%emt 00:00:09]}
55. Rb5 {[%clk 00:02:57]} {[%emt 00:00:12]} Kf7 {[%clk 00:33:01]} {[%emt
00:00:05]} 56. Rxb6 {[%clk 00:03:16]} {[%emt 00:00:10]} Kg8 {[%clk 00:33:26]}
{[%emt 00:00:05]} 57. Kh5 {[%clk 00:03:29]} {[%emt 00:00:17]} Ra8 {[%clk
00:33:48]} {[%emt 00:00:08]} 58. Kg6 {[%clk 00:03:36]} {[%emt 00:00:23]} Rc8
{[%clk 00:34:13]} {[%emt 00:00:05]} 59. Kh6 {[%clk 00:03:39]} {[%emt 00:00:28]}
Ra8 {[%clk 00:34:38]} {[%emt 00:00:05]} 60. Re6 {[%clk 00:03:32]} {[%emt
00:00:37]} Rc8 {[%clk 00:34:55]} {[%emt 00:00:13]} 61. Rd6 {[%clk 00:03:56]}
{[%emt 00:00:06]} Ra8 {[%clk 00:35:14]} {[%emt 00:00:11]} 62. Rg6+ {[%clk
00:04:22]} {[%emt 00:00:05]} Kh8 {[%clk 00:35:39]} {[%emt 00:00:04]} 63. Rb6
{[%clk 00:04:48]} {[%emt 00:00:04]} Kg8 {[%clk 00:36:02]} {[%emt 00:00:07]} 64.
g6 {[%clk 00:03:23]} {[%emt 00:01:55]} Rc8 {[%clk 00:36:18]} {[%emt 00:00:14]}
65. g7 {[%clk 00:03:26]} {[%emt 00:00:27]} Rd8 {[%clk 00:36:33]} {[%emt
00:00:15]} 66. Rf6 {[%clk 00:03:52]} {[%emt 00:00:03]} Ra8 {[%clk 00:36:55]}
{[%emt 00:00:08]} 67. Rf8+ {[%clk 00:04:18]} {[%emt 00:00:05]} Rxf8 {[%clk
00:37:17]} {[%emt 00:00:08]} 68. gxf8=B {[%clk 00:04:41]} {[%emt 00:00:06]}
1/2-1/2